Termodinámica / (Record no. 183262)

MARC details
000 -LEADER
campo de control de longitud fija 00819nam a2200229 i 4500
001 - NÚMERO DE CONTROL
campo de control 183262
003 - IDENTIFICADOR DE NÚMERO DE CONTROL
campo de control ES-MaACL
005 - FECHA Y HORA DE LA ÚLTIMA TRANSACCIÓN
campo de control 20230906221840.0
008 - DATOS DE LONGITUD FIJA--INFORMACIÓN GENERAL
campo de control de longitud fija 140204s1958 sp |||| | spa d
080 ## - NÚMERO DE LA CLASIFICACIÓN DECIMAL UNIVERSAL
Número de la Clasificación Decimal Universal 536.7
100 1# - ENTRADA PRINCIPAL--NOMBRE DE PERSONA
Nombre de persona Porter, Alfred William.
9 (RLIN) 154357
245 10 - MENCIÓN DEL TÍTULO
Título Termodinámica /
Mención de responsabilidad, etc. por Alfred W. Porter... ; con dos apéndices nuevos por W. Wilson... ; traducida de la cuarta edición inglesa por J. Figuera Andú.
260 ## - PUBLICACIÓN, DISTRIBUCIÓN, ETC.
Lugar de publicación, distribución, etc. [Madrid :
Nombre del editor, distribuidor, etc. S.A.E.T.A.,
Fecha de publicación, distribución, etc. 1958?]
300 ## - DESCRIPCIÓN FÍSICA
Extensión 137 p., 3 h. :
Otras características físicas il. ;
Dimensiones 17 cm.
490 1# - MENCIÓN DE SERIE
Mención de serie Monografías Methuen's sobre temas de física
650 #4 - PUNTO DE ACCESO ADICIONAL DE MATERIA--TÉRMINO DE MATERIA
Término de materia o nombre geográfico como elemento de entrada Termodinámica.
9 (RLIN) 17486
700 1# - ENTRADA AGREGADA--NOMBRE PERSONAL
Nombre de persona Wilson, W.
9 (RLIN) 154358
700 0# - ENTRADA AGREGADA--NOMBRE PERSONAL
Nombre de persona Figuera Andu, J.
9 (RLIN) 50754
830 0# - PUNTO DE ACCESO ADICIONAL DE SERIE-TÍTULO UNIFORME
Título uniforme Monografías Methuen's sobre temas de física
9 (RLIN) 191891
852 ## - LOCALIZACIÓN
Ubicación ES-MaACL
Número de control de estantería E-5195
Holdings
Estatus retirado Estado de pérdida Estado de daño No para préstamo Biblioteca de origen Biblioteca actual Ubicación en estantería Fecha de adquisición Fuente de adquisición Total de préstamos Signatura topográfica completa Código de barras Visto por última vez Precio de reemplazo Tipo de ítem Koha
        Biblioteca del Ateneo de Madrid Biblioteca del Ateneo de Madrid Depósito 2 04/02/2014     E-5195 1192608 23/02/2023 23/02/2023 Libro impreso